| 000 | 00594nam a22001937a 4500 | ||
|---|---|---|---|
| 005 | 20240327124618.0 | ||
| 010 | _aENG-139014 ENG-139969 | ||
| 020 |
_c1950.00 _a9788181715494 |
||
| 035 | _aEN-122546 | ||
| 035 | _aEN-123501 | ||
| 037 | _bDBAD/PUB | ||
| 082 | _a591.954 | ||
| 100 |
_aCHANDRA, KAILASH _963983 |
||
| 245 |
_aState Fauna Series 25 FAUNA OF KERALA/ _cKailash chandra _bVERTEBRATA PART-1 |
||
| 260 |
_aKolkata _bPublication Division _c2021 |
||
| 270 | _aM-Block, New Alipore, Kolkta-700053 | ||
| 300 |
_a433 p. _c29cm(Hbk) |
||
| 942 |
_2ddc _cEN _h591.95433 _mCHA |
||
| 999 |
_c200420 _d200420 |
||